Nghệ thuật tặng quà
Nghệ thuật tặng quà được xuất bản như một cẩm nang cung cấp cho bạn phương cách để chọn lựa những món quà tặng đúng lúc, đúng nơi và đúng đối tượng.
Gardado en:
| Autor Principal: | |
|---|---|
| Formato: | Libro |
| Idioma: | Undetermined |
| Publicado: |
Hà Nội
Mỹ Thuật
|
| Những chủ đề: | |
| Các nhãn: |
Engadir etiqueta
Sen Etiquetas, Sexa o primeiro en etiquetar este rexistro!
|
| Thư viện lưu trữ: | Trung tâm Học liệu Trường Đại học Cần Thơ |
|---|
| LEADER | 00779nam a2200193Ia 4500 | ||
|---|---|---|---|
| 001 | CTU_113088 | ||
| 008 | 210402s9999 xx 000 0 und d | ||
| 020 | |c 35000 | ||
| 082 | |a 650.1 | ||
| 082 | |b Ng527 | ||
| 100 | |a Lưu, Nguyên | ||
| 245 | 0 | |a Nghệ thuật tặng quà | |
| 245 | 0 | |c Lưu Nguyên | |
| 260 | |a Hà Nội | ||
| 260 | |b Mỹ Thuật | ||
| 520 | |a Nghệ thuật tặng quà được xuất bản như một cẩm nang cung cấp cho bạn phương cách để chọn lựa những món quà tặng đúng lúc, đúng nơi và đúng đối tượng. | ||
| 650 | |a Art of giving,Conduct of life,Success in family living | ||
| 904 | |i Minh | ||
| 980 | |a Trung tâm Học liệu Trường Đại học Cần Thơ | ||